[Event "FRA-chT4 1314"]
[Site "Champagne Ardennes"]
[Date "2013.11.24"]
[Round "2"]
[White "Pytel, Bozena"]
[Black "Samakar, Siavosh"]
[Result "1-0"]
[WhiteElo "1937"]
[BlackElo "1810"]
[PlyCount "75"]
[EventDate "2013.10.25"]
[EventType "team-tourn"]
[EventRounds "7"]
[EventCountry "FRA"]
[SourceTitle "EXT 2024"]
[Source "ChessBase"]
[SourceDate "2023.10.10"]
[SourceVersion "1"]
[SourceVersionDate "2023.10.10"]
[SourceQuality "1"]

1. Nf3 d5 2. d4 c5 3. dxc5 Nc6 4. e3 Bg4 5. c3 e5 6. Be2 Bxf3 7. Bxf3 e4 8. Be2 Bxc5 9. Nd2 Nf6 10. Nb3 Bb6 11. 0-0 0-0 12. Nd4 Ne5 13. b3 a6 14. Ba3 Re8 15. Rc1 Qd7 16. Qd2 Rac8 17. Rc2 Rc7 18. Rfc1 Ba5 19. Qd1 b5 20. Bf1 Rec8 21. Bb2 Bb6 22. f3 exf3 23. gxf3 h5 24. Rg2 Ng6 25. Bd3 Bxd4 26. cxd4 Nh4 27. Rxc7 Rxc7 28. Rg5 Qh3 29. Rg3 Qe6 30. e4 dxe4 31. fxe4 Re7 32. e5 Ng4 33. Qd2 Nf5 34. Rf3 Nh4 35. Rg3 Nf5 36. Bxf5 Qxf5 37. h3 Nh6 38. Qxh6 1-0